header

An approach to Shakespeare (Record no. 26337)

MARC details
000 -LEADER
fixed length control field 01304nam a2200361Ia 4500
082 04 - DEWEY DECIMAL CLASSIFICATION NUMBER
Classification number 822.3/3
100 1# - MAIN ENTRY--AUTHOR NAME
Personal name West, Gilian.
245 13 - TITLE STATEMENT
Title An approach to Shakespeare
260 ## - PUBLICATION, DISTRIBUTION, ETC. (IMPRINT)
Place of publication London ;
-- New York, NY :
Name of publisher Cassell,
Year of publication c1995.
300 ## - PHYSICAL DESCRIPTION
Number of Pages xiii, 89 p.
490 1# - SERIES STATEMENT
Series statement Cassell education
650 #0 - SUBJECT ADDED ENTRY--TOPICAL TERM
Topical Term English drama
856 40 - ELECTRONIC LOCATION AND ACCESS
Uniform Resource Identifier http://site.ebrary.com/lib/rucke/Doc?id=10224657

No items available.

© 2026 Rongo University
Contact us: librarian | system librarian | Rongo university